000 00352nam a22001577a 4500
003 NUST
020 _a9781569908150
038 _akhadija
082 _a668.412
_bCAT
100 _aCatoen
_991980
245 _aInjection Mold Design Handbook /
_cBruce Catoen
260 _aGermany
_bHanser
_c2021
300 _a786p
563 _aHB
942 _2ddc
_cBK
999 _c590097
_d590097